|
|
|
|
| LEADER |
00000naa2a2200000 4500 |
| 001 |
604373 |
| 005 |
20260206135124.0 |
| 035 |
|
|
|a (RuTPU)RU\TPU\conf\1645
|
| 035 |
|
|
|a RU\TPU\conf\1644
|
| 090 |
|
|
|a 604373
|
| 100 |
|
|
|a 20140228d2013 k y0rusy50 ca
|
| 101 |
0 |
|
|a rus
|
| 102 |
|
|
|a RU
|
| 135 |
|
|
|a drnn ---uucaa
|
| 181 |
|
0 |
|a i
|
| 182 |
|
0 |
|a b
|
| 200 |
1 |
|
|a Важность управления знаниями в организации на примере Томского политехнического университета
|f Е. Ю. Бабурина, М. А. Иванченко, М. В. Янчук
|g науч. рук. В. М. Кизеев
|
| 203 |
|
|
|a Текст
|c электронный
|
| 225 |
1 |
|
|a Теория и практика современного менеджмента
|
| 300 |
|
|
|a Заглавие с титульного экрана
|
| 320 |
|
|
|a [Библиогр.: с. 225 (3 назв.)]
|
| 337 |
|
|
|a Adobe Reader
|
| 463 |
|
1 |
|0 (RuTPU)RU\TPU\conf\506
|t Импульс-2013
|o труды X Международной научно-практической конференции студентов, молодых ученых и предпринимателей в сфере экономики, менеджмента и инноваций, 27-29 ноября 2013 г., г. Томск
|f Национальный исследовательский Томский политехнический университет (ТПУ) ; под ред. С. Л. Ереминой и др.
|v [С. 223-225]
|d 2013
|
| 601 |
0 |
2 |
|a Национальный исследовательский Томский политехнический университет (ТПУ)
|c (2009- )
|2 stltpush
|3 (RuTPU)RU\TPU\col\15902
|
| 610 |
1 |
|
|a труды учёных ТПУ
|
| 610 |
1 |
|
|a электронный ресурс
|
| 610 |
1 |
|
|a знания
|
| 610 |
1 |
|
|a управление знаниями
|
| 610 |
1 |
|
|a информационные технологии
|
| 700 |
|
1 |
|a Бабурина
|b Е. Ю.
|c специалист в области инженерного предпринимательства
|c эксперт Томского политехнического университета
|f 1990-
|g Екатерина Юрьевна
|3 (RuTPU)RU\TPU\pers\30706
|
| 701 |
|
1 |
|a Иванченко
|b М. А.
|c экономист
|c эксперт Томского политехнического университета
|f 1990-
|g Максим Александрович
|3 (RuTPU)RU\TPU\pers\31557
|
| 701 |
|
1 |
|a Янчук
|b М. В.
|
| 702 |
|
1 |
|a Кизеев
|b В. М.
|c экономист
|c ассистент Томского политехнического университета, заведующий лабораторией
|f 1987-
|g Вениамин Михайлович
|4 727
|
| 712 |
0 |
2 |
|a Национальный исследовательский Томский политехнический университет (ТПУ)
|b Институт социально-гуманитарных технологий (ИСГТ)
|b Кафедра инженерного предпринимательства (ИП)
|3 (RuTPU)RU\TPU\col\18857
|
| 801 |
|
2 |
|a RU
|b 63413507
|c 20140228
|g RCR
|
| 856 |
4 |
|
|u http://www.lib.tpu.ru/fulltext/c/2013/C25/096.pdf
|
| 942 |
|
|
|c CF
|